Memoirs of the extraordinary life, works and discoveries of Martinus Scriblerus / (Record no. 173043)
[ view plain ]
| 000 -LEADER | |
|---|---|
| fixed length control field | 01281cam a2200361 a 4500 |
| 001 - CONTROL NUMBER | |
| control field | 13653468 |
| 003 - CONTROL NUMBER IDENTIFIER | |
| control field | Nust |
| 005 - DATE AND TIME OF LATEST TRANSACTION | |
| control field | 20220831124007.0 |
| 008 - FIXED-LENGTH DATA ELEMENTS--GENERAL INFORMATION | |
| fixed length control field | 040713s2002 enk 000 f eng d |
| 010 ## - LIBRARY OF CONGRESS CONTROL NUMBER | |
| LC control number | 2004484203 |
| 015 ## - NATIONAL BIBLIOGRAPHY NUMBER | |
| National bibliography number | GBA2-X3919 |
| 020 ## - INTERNATIONAL STANDARD BOOK NUMBER | |
| International Standard Book Number | 1843910012 |
| 035 ## - SYSTEM CONTROL NUMBER | |
| System control number | (OCoLC)ocm49736718 |
| 040 ## - CATALOGING SOURCE | |
| Original cataloging agency | UKM |
| Transcribing agency | UKM |
| Modifying agency | GZM |
| -- | DLC |
| 042 ## - AUTHENTICATION CODE | |
| Authentication code | lccopycat |
| 050 00 - LIBRARY OF CONGRESS CALL NUMBER | |
| Classification number | PR3630 |
| Item number | .M4 2002 |
| 082 04 - DEWEY DECIMAL CLASSIFICATION NUMBER | |
| Classification number | 823 |
| Author Mark | ARB |
| 100 1# - MAIN ENTRY--PERSONAL NAME | |
| Personal name | Pope, Alexander, |
| Dates associated with a name | 1688-1744. |
| 9 (RLIN) | 98731 |
| 240 10 - UNIFORM TITLE | |
| Uniform title | Memoirs of Martinus Scriblerus |
| 245 10 - TITLE STATEMENT | |
| Title | Memoirs of the extraordinary life, works and discoveries of Martinus Scriblerus / |
| Statement of responsibility, etc. | Alexander Pope and John Arbuthonot. |
| 246 34 - VARYING FORM OF TITLE | |
| Title proper/short title | Alexander Pope Scriblerus |
| 260 ## - PUBLICATION, DISTRIBUTION, ETC. | |
| Place of publication, distribution, etc. | London : |
| Name of publisher, distributor, etc. | Hesperus, |
| Date of publication, distribution, etc. | 2002. |
| 300 ## - PHYSICAL DESCRIPTION | |
| Extent | x, 101 p. ; |
| Dimensions | 20 cm. |
| 650 #0 - SUBJECT ADDED ENTRY--TOPICAL TERM | |
| Topical term or geographic name entry element | Pedantry |
| Form subdivision | Fiction. |
| 9 (RLIN) | 98732 |
| 650 #0 - SUBJECT ADDED ENTRY--TOPICAL TERM | |
| Topical term or geographic name entry element | Pride and vanity |
| Form subdivision | Fiction. |
| 9 (RLIN) | 98733 |
| 650 #0 - SUBJECT ADDED ENTRY--TOPICAL TERM | |
| Topical term or geographic name entry element | Scholars |
| Form subdivision | Fiction. |
| 9 (RLIN) | 98734 |
| 655 #0 - INDEX TERM--GENRE/FORM | |
| Genre/form data or focus term | Satire. |
| 9 (RLIN) | 7757 |
| 700 1# - ADDED ENTRY--PERSONAL NAME | |
| Personal name | Arbuthnot, John, |
| Dates associated with a name | 1667-1735. |
| 9 (RLIN) | 98735 |
| 856 42 - ELECTRONIC LOCATION AND ACCESS | |
| Materials specified | Publisher description |
| Uniform Resource Identifier | <a href="http://www.loc.gov/catdir/enhancements/fy0803/2004484203-d.html">http://www.loc.gov/catdir/enhancements/fy0803/2004484203-d.html</a> |
| 906 ## - LOCAL DATA ELEMENT F, LDF (RLIN) | |
| a | 7 |
| b | cbc |
| c | copycat |
| d | 3 |
| e | ncip |
| f | 20 |
| g | y-gencatlg |
| 942 ## - ADDED ENTRY ELEMENTS (KOHA) | |
| Source of classification or shelving scheme | |
| Koha item type | Book |
| Withdrawn status | Lost status | Source of classification or shelving scheme | Damaged status | Not for loan | Permanent Location | Current Location | Shelving location | Date acquired | Total Checkouts | Full call number | Barcode | Date last seen | Date last checked out | Copy number | Price effective from | Koha item type |
|---|---|---|---|---|---|---|---|---|---|---|---|---|---|---|---|---|
| Central Library (CL) | Central Library (CL) | Fiction | 01/17/2017 | 1 | 823 ARB | CL721 | 05/08/2025 | 01/31/2019 | 1 | 01/17/2017 | Book |
